[Event "Nova Gorica op 28th"]
[Site "Nova Gorica"]
[Date "2024.01.30"]
[Round "6"]
[White "Ivsek, Cveto"]
[Black "Cokan, Mirko"]
[Result "1-0"]
[WhiteElo "1711"]
[BlackElo "1614"]
[PlyCount "113"]
[EventDate "2024.01.26"]
[EventType "swiss"]
[EventRounds "9"]
[EventCountry "SLO"]
[SourceTitle "CB06_2024"]
[SourceDate "2024.02.07"]
[SourceVersion "1"]
[SourceVersionDate "2024.02.07"]
[SourceQuality "1"]

1. d4 Nf6 2. Bf4 d6 3. e3 Nbd7 4. Nf3 c6 5. c3 Qc7 6. h3 e5 7. Bh2 Be7 8. Bc4 0-0 9. 0-0 e4 10. Nfd2 Qb6 11. Qb3 d5 12. Be2 Qd8 13. c4 a5 14. Nc3 dxc4 15. Bxc4 b5 16. Be2 a4 17. Qc2 Bb7 18. Ncxe4 Ne8 19. Nc5 Nxc5 20. dxc5 Bf6 21. Ne4 Qa5 22. Rad1 Bc8 23. Bf3 Be7 24. Nd6 Qa6 25. Qe4 Bxd6 26. Bxd6 Nxd6 27. Rxd6 Bb7 28. Rfd1 g6 29. h4 Rae8 30. Qf4 Qa7 31. Rd7 Qb8 32. Qc7 Ba8 33. h5 Qxc7 34. Rxc7 Re6 35. hxg6 Rxg6 36. b4 Kg7 37. Rdd7 Rf6 38. Ra7 Re6 39. Bh5 Rf6 40. Ra6 Rf5 41. Bf3 Rf6 42. Rda7 Rd8 43. Rxa8 Rd2 44. Rxc6 Rxa2 45. Rxf6 Kxf6 46. c6 Rc2 47. Bd5 Ke7 48. e4 f6 49. Ra5 Rc1+ 50. Kh2 Ra1 51. Rxb5 Rb1 52. c7 Rc1 53. Rb7 Kd6 54. b5 f5 55. f3 h5 56. b6 fxe4 57. fxe4 1-0

[Event "NATO-ch 33rd"]
[Site "Portoroz"]
[Date "2023.09.07"]
[Round "6"]
[White "Ivsek, Cveto"]
[Black "Abbate, Giovanni"]
[Result "1-0"]
[WhiteElo "1723"]
[BlackElo "1525"]
[PlyCount "115"]
[EventDate "2023.09.04"]
[EventType "swiss"]
[EventRounds "7"]
[EventCountry "SLO"]
[SourceTitle "EXT 2024"]
[Source "ChessBase"]
[SourceDate "2023.10.10"]
[SourceVersion "1"]
[SourceVersionDate "2023.10.10"]
[SourceQuality "1"]

1. d4 d5 2. Bf4 e6 3. e3 a6 4. Nf3 Nd7 5. Nbd2 Ngf6 6. h3 Be7 7. Bd3 c5 8. c3 c4 9. Bc2 b5 10. a3 Bb7 11. 0-0 Nh5 12. Bh2 f5 13. Ne5 Nhf6 14. Ndf3 0-0 15. Ng5 Qb6 16. Nxd7 Nxd7 17. Nf3 Bd6 18. Bxd6 Qxd6 19. Qd2 Bc6 20. Rfe1 Nf6 21. Ne5 Be8 22. f3 Nd7 23. f4 Qe7 24. Qf2 Rf6 25. Qh4 Qf8 26. g4 Nxe5 27. dxe5 Rh6 28. Qg3 fxg4 29. hxg4 Bg6 30. g5 Bxc2 31. gxh6 Ra7 32. Kf2 Be4 33. Rg1 g6 34. Qg5 Rf7 35. Qh4 Rf5 36. Rg5 Rf7 37. Rag1 Bf5 38. Rh1 Kh8 39. Ke2 Bd3+ 40. Kd2 Be4 41. Rh2 a5 42. Rg1 a4 43. Kc1 Rf5 44. Rg5 Rf7 45. Rd2 Qd8 46. Rg4 Qb6 47. Rd4 Qb8 48. Rg1 Bd3 49. Rd1 Bf5 50. e4 g5 51. Qxg5 Bg6 52. exd5 Rf5 53. Qe7 Rf7 54. Qxe6 Qf8 55. Qg4 Qxh6 56. Rg1 Qh2 57. Qg2 Qxf4+ 58. Rxf4 1-0

[Event "NATO-ch 33rd"]
[Site "Portoroz"]
[Date "2023.09.04"]
[Round "1"]
[White "Keough, Robert W"]
[Black "Ivsek, Cveto"]
[Result "1-0"]
[WhiteElo "2067"]
[BlackElo "1723"]
[PlyCount "49"]
[EventDate "2023.09.04"]
[EventType "swiss"]
[EventRounds "7"]
[EventCountry "SLO"]
[SourceTitle "EXT 2024"]
[Source "ChessBase"]
[SourceDate "2023.10.10"]
[SourceVersion "1"]
[SourceVersionDate "2023.10.10"]
[SourceQuality "1"]

1. e4 c6 2. Nf3 d5 3. exd5 cxd5 4. Ne5 Nf6 5. d4 e6 6. Bd3 Nc6 7. c3 Nxe5 8. dxe5 Nd7 9. Bf4 Qb6 10. Qc2 h6 11. 0-0 Nc5 12. Be2 Bd7 13. Nd2 Rc8 14. Be3 Qc7 15. f4 a6 16. a4 b5 17. axb5 Bxb5 18. Bxb5+ axb5 19. Bd4 g6 20. g4 Bg7 21. Kh1 h5 22. f5 exf5 23. gxf5 gxf5 24. Qxf5 Ne6 25. Ra7 1-0

[Event "Nova Gorica op 27th"]
[Site "Nova Gorica"]
[Date "2023.03.19"]
[Round "4"]
[White "Ivsek, Cveto"]
[Black "Azinovic, Igor"]
[Result "0-1"]
[WhiteElo "1754"]
[BlackElo "1649"]
[PlyCount "60"]
[EventDate "2023.03.16"]
[EventType "swiss"]
[EventRounds "9"]
[EventCountry "SLO"]
[SourceTitle "CBM 213 Extra"]
[Source "ChessBase"]
[SourceDate "2023.05.31"]
[SourceVersion "1"]
[SourceVersionDate "2023.05.31"]
[SourceQuality "1"]

1. d4 d5 2. Bf4 c5 3. c3 Nc6 4. e3 Nf6 5. Bd3 e6 6. Nd2 Bd6 7. Bxd6 Qxd6 8. Ngf3 0-0 9. 0-0 Re8 10. Re1 e5 11. dxe5 Nxe5 12. Nxe5 Qxe5 13. Nf3 Qc7 14. h3 Bd7 15. a4 Rad8 16. Qc2 Ne4 17. c4 Bc6 18. Bxe4 dxe4 19. Nh2 Rd6 20. Red1 Rg6 21. Qd2 Qc8 22. Kh1 f5 23. g3 Rf8 24. Kg1 f4 25. g4 f3 26. Nf1 Rxg4+ 27. Ng3 Rh4 28. Kf1 Qxh3+ 29. Ke1 Qh1+ 30. Nf1 Qxf1+ 0-1

[Event "Nova Gorica op-A 26th"]
[Site "Nova Gorica"]
[Date "2022.09.16"]
[Round "1"]
[White "Centrih, Aleks"]
[Black "Ivsek, Cveto"]
[Result "1-0"]
[WhiteElo "2095"]
[BlackElo "1763"]
[PlyCount "53"]
[EventDate "2022.09.16"]
[EventType "swiss"]
[EventRounds "9"]
[EventCountry "SLO"]
[SourceTitle "CBM 210 Extra"]
[Source "ChessBase"]
[SourceDate "2022.11.30"]
[SourceVersion "1"]
[SourceVersionDate "2022.11.30"]
[SourceQuality "1"]

1. e4 c5 2. Nf3 Nc6 3. Bb5 a6 4. Bxc6 dxc6 5. d3 Bg4 6. 0-0 e6 7. a4 Bxf3 8. Qxf3 Qf6 9. Qe2 g6 10. a5 Rd8 11. Na3 Ne7 12. Nc4 Nc8 13. Bd2 Rg8 14. f4 Qe7 15. Be3 Bg7 16. c3 Bh6 17. Rad1 g5 18. f5 e5 19. f6 Qe6 20. Rf5 Kd7 21. Bxc5 Kc7 22. Rdf1 Bf8 23. Bxf8 Rgxf8 24. Rxe5 Qd7 25. d4 b5 26. axb6+ Nxb6 27. Re7 1-0

[Event "NATO-ch 32nd"]
[Site "Tartu"]
[Date "2022.06.30"]
[Round "6"]
[White "Ivsek, Cveto"]
[Black "Hater, David"]
[Result "1/2-1/2"]
[WhiteElo "1766"]
[BlackElo "1944"]
[PlyCount "54"]
[EventDate "2022.06.27"]
[EventType "swiss"]
[EventRounds "7"]
[EventCountry "EST"]
[SourceTitle "CBM 209 Extra"]
[Source "ChessBase"]
[SourceDate "2022.09.30"]
[SourceVersion "1"]
[SourceVersionDate "2022.09.30"]
[SourceQuality "1"]

1. d4 Nf6 2. Bf4 g6 3. e3 Bg7 4. c4 d5 5. Nc3 c5 6. Bxb8 Rxb8 7. dxc5 Qa5 8. Qa4+ Qxa4 9. Nxa4 Bd7 10. Nc3 dxc4 11. Nf3 Rc8 12. Bxc4 Rxc5 13. Bb3 Bc6 14. 0-0 Bxf3 15. gxf3 Nd7 16. Ne4 Rc8 17. Rab1 0-0 18. Rfd1 Rfd8 19. Ng5 Ne5 20. f4 h6 21. fxe5 hxg5 22. e6 Rxd1+ 23. Rxd1 Bxb2 24. exf7+ Kf8 25. Rd7 Rb8 26. Kg2 Bf6 27. h3 a5 1/2-1/2

[Event "Nova Gorica op 25th"]
[Site "Nova Gorica"]
[Date "2020.01.30"]
[Round "9"]
[White "Vicic, Mark"]
[Black "Ivsek, Cveto"]
[Result "1-0"]
[WhiteElo "1704"]
[BlackElo "1763"]
[PlyCount "55"]
[EventDate "2020.01.24"]
[EventType "swiss"]
[EventRounds "9"]
[EventCountry "SLO"]
[SourceTitle "CBM 194"]
[Source "ChessBase"]
[SourceDate "2020.01.27"]
[SourceVersion "1"]
[SourceVersionDate "2020.01.27"]
[SourceQuality "1"]

1. Nf3 d5 2. d4 e6 3. Bf4 c5 4. e3 Qb6 5. Nc3 Bd7 6. Rb1 Nf6 7. Be2 Nc6 8. 0-0 Rc8 9. h3 cxd4 10. exd4 a6 11. Re1 Na7 12. Ne5 Bb5 13. Bf3 Nc6 14. Nxd5 Nxd5 15. Bxd5 Be7 16. Bxe6 fxe6 17. Qh5+ Kd8 18. Nf7+ Kd7 19. Nxh8 Rxh8 20. Qf7 Nd8 21. Qxg7 Rf8 22. Bg3 Rf7 23. Qg4 Qc6 24. d5 Qc4 25. dxe6+ Nxe6 26. Rbd1+ Ke8 27. Qxe6 Qxc2 28. Rc1 1-0

[Event "Nova Gorica op 24th"]
[Site "Nova Gorica"]
[Date "2019.01.26"]
[Round "2"]
[White "Ivsek, Cveto"]
[Black "Siraj, Svit"]
[Result "1-0"]
[WhiteElo "1799"]
[BlackElo "1673"]
[PlyCount "83"]
[EventDate "2019.01.25"]
[EventType "swiss"]
[EventRounds "9"]
[EventCountry "SLO"]
[SourceTitle "CBM 188 Extra"]
[Source "ChessBase"]
[SourceDate "2019.02.26"]
[SourceVersion "1"]
[SourceVersionDate "2019.02.26"]
[SourceQuality "1"]

1. d4 d5 2. c4 e6 3. e3 c6 4. Nc3 Nf6 5. Bd3 dxc4 6. Bxc4 b5 7. Bd3 Nbd7 8. Nf3 b4 9. Ne4 c5 10. 0-0 Bb7 11. Nxf6+ Qxf6 12. Ne5 0-0-0 13. Ng4 Qe7 14. f3 Kb8 15. a3 h5 16. Nf2 Rc8 17. axb4 c4 18. Be4 Bxe4 19. Nxe4 Qxb4 20. Bd2 Qb3 21. Qe1 Be7 22. Qg3+ Kb7 23. Nd6+ Bxd6 24. Qxd6 Qb5 25. Ra5 Qc6 26. Qa3 Ra8 27. Ra1 a6 28. Qe7 Rhf8 29. Rc5 Rae8 30. Rxc6 Rxe7 31. Rcxa6 Ree8 32. Ra7+ Kc6 33. Rc1 Nb6 34. Bb4 Ra8 35. Rca1 Rxa7 36. Rxa7 Nc8 37. Ra5 Re8 38. Rc5+ Kb6 39. Rxh5 Na7 40. Bc5+ Ka6 41. Bxa7 Kxa7 42. Rc5 1-0

[Event "Nova Gorica op 23rd"]
[Site "Nova Gorica"]
[Date "2018.01.29"]
[Round "6"]
[White "Brilej, Jaka"]
[Black "Ivsek, Cveto"]
[Result "1-0"]
[WhiteElo "2083"]
[BlackElo "1788"]
[PlyCount "59"]
[EventDate "2018.01.26"]
[EventType "swiss"]
[EventRounds "9"]
[EventCountry "SLO"]
[SourceTitle "CBM 182 Extra"]
[Source "ChessBase"]
[SourceDate "2018.02.23"]
[SourceVersion "1"]
[SourceVersionDate "2018.02.23"]
[SourceQuality "1"]

1. e4 b6 2. d4 Bb7 3. Bd3 e6 4. Nf3 d5 5. e5 c5 6. c3 a6 7. 0-0 Nc6 8. Be3 Qc7 9. Qe2 c4 10. Bc2 Nge7 11. Nbd2 Ng6 12. Ng5 Be7 13. Nh3 0-0-0 14. f4 Nh4 15. Ng5 Bxg5 16. fxg5 Ng6 17. Rf2 Rdf8 18. Raf1 b5 19. b3 Kb8 20. a4 Nd8 21. axb5 axb5 22. bxc4 dxc4 23. Ne4 Bxe4 24. Bxe4 Qa5 25. Qb2 Ne7 26. Ra1 Qb6 27. Ra8+ Kc7 28. Qb4 Nec6 29. Qd6+ Kb7 30. Qb8# 1-0

[Event "Portoroz op 11th"]
[Site "Portoroz"]
[Date "2017.07.22"]
[Round "1"]
[White "Ivsek, Cveto"]
[Black "Mohr, Georg"]
[Result "0-1"]
[WhiteElo "1821"]
[BlackElo "2463"]
[PlyCount "22"]
[EventDate "2017.07.22"]
[EventType "swiss"]
[EventRounds "9"]
[EventCountry "SLO"]
[SourceTitle "EXT 2018"]
[Source "ChessBase"]
[SourceDate "2017.10.13"]
[SourceVersion "1"]
[SourceVersionDate "2017.10.13"]
[SourceQuality "1"]

1. d4 Nf6 2. c4 e5 3. dxe5 Ng4 4. Qd4 d6 5. exd6 Bxd6 6. Bd2 0-0 7. h3 Nc6 8. Qe4 Re8 9. Qc2 Nxf2 10. Nc3 Nd4 11. Qa4 Nd3+ 0-1

[Event "Nova Gorica op 22nd"]
[Site "Nova Gorica"]
[Date "2017.02.02"]
[Round "9"]
[White "Kejzar, Petra"]
[Black "Ivsek, Cveto"]
[Result "1-0"]
[WhiteElo "2050"]
[BlackElo "1858"]
[PlyCount "117"]
[EventDate "2017.01.27"]
[EventType "swiss"]
[EventRounds "9"]
[EventCountry "SLO"]
[SourceTitle "CBM 176 Extra"]
[Source "ChessBase"]
[SourceDate "2017.03.02"]
[SourceVersion "1"]
[SourceVersionDate "2017.03.02"]
[SourceQuality "1"]

1. e4 e6 2. d4 d5 3. Nd2 dxe4 4. Nxe4 Nf6 5. Ng5 h6 6. N5f3 c5 7. c3 cxd4 8. Qxd4 Qxd4 9. Nxd4 a6 10. Ngf3 Nbd7 11. a4 Ne4 12. Bd3 Ndc5 13. Bc2 Nf6 14. Bf4 Nce4 15. 0-0 Bd6 16. Bxd6 Nxd6 17. Rfd1 Nde4 18. Ne5 0-0 19. Nc4 Bd7 20. Nb6 Rad8 21. f3 Ng5 22. a5 g6 23. Bb3 e5 24. h4 Ngh7 25. Nc2 Bc6 26. Nb4 Bd7 27. Rd6 Be6 28. Rxd8 Rxd8 29. Bxe6 fxe6 30. Re1 e4 31. fxe4 Rd2 32. Nc4 Rd8 33. e5 Ng4 34. Nc2 Kf8 35. Nd4 Ke7 36. Ra1 Rd5 37. Ra4 Nxe5 38. Nxe5 Rxe5 39. Rb4 Rd5 40. Rxb7+ Rd7 41. Nc6+ Kd6 42. Rxd7+ Kxd7 43. Nb8+ Kc8 44. Nxa6 Nf6 45. Nc5 e5 46. a6 Kb8 47. Kf2 g5 48. hxg5 hxg5 49. Ke3 Ka7 50. c4 e4 51. Nxe4 Ng4+ 52. Kd4 Kxa6 53. b4 Kb6 54. c5+ Kc6 55. Nxg5 Kb5 56. Ne4 Nh6 57. Nd6+ Kc6 58. b5+ Kc7 59. Kd5 1-0

[Event "Nova Gorica op 22nd"]
[Site "Nova Gorica"]
[Date "2017.01.29"]
[Round "5"]
[White "Zaloznik, Vesna"]
[Black "Ivsek, Cveto"]
[Result "1-0"]
[WhiteElo "1531"]
[BlackElo "1858"]
[PlyCount "75"]
[EventDate "2017.01.27"]
[EventType "swiss"]
[EventRounds "9"]
[EventCountry "SLO"]
[SourceTitle "CBM 176 Extra"]
[Source "ChessBase"]
[SourceDate "2017.03.02"]
[SourceVersion "1"]
[SourceVersionDate "2017.03.02"]
[SourceQuality "1"]

1. e4 c5 2. Nc3 e6 3. f4 Nc6 4. Nf3 d5 5. e5 a6 6. d4 cxd4 7. Nxd4 Bc5 8. Nce2 Qb6 9. c3 Nge7 10. g4 Bd7 11. Bg2 Rc8 12. 0-0 Bxd4+ 13. cxd4 Na5 14. b3 Bb5 15. Bb2 Nac6 16. Rf2 0-0 17. Bf1 Rc7 18. a4 Bxe2 19. Bxe2 Na5 20. Rf3 Rfc8 21. Ba3 Qc6 22. Bd3 g6 23. f5 exf5 24. gxf5 Nxf5 25. Bxf5 gxf5 26. Rg3+ Kh8 27. Qd2 f4 28. Qxf4 Rg8 29. Bd6 Rxg3+ 30. hxg3 Qc3 31. Qf6+ Kg8 32. Qd8+ Kg7 33. Qf8+ Kg6 34. Qg8+ Kh6 35. Bf8+ Kh5 36. Qxh7+ Kg5 37. Qh6+ Kf5 38. Rf1+ 1-0

[Event "Nova Gorica op 22nd"]
[Site "Nova Gorica"]
[Date "2017.01.28"]
[Round "2"]
[White "Ivsek, Cveto"]
[Black "Milicevic, Zoran"]
[Result "1-0"]
[WhiteElo "1858"]
[BlackElo "1592"]
[PlyCount "79"]
[EventDate "2017.01.27"]
[EventType "swiss"]
[EventRounds "9"]
[EventCountry "SLO"]
[SourceTitle "CBM 176 Extra"]
[Source "ChessBase"]
[SourceDate "2017.03.02"]
[SourceVersion "1"]
[SourceVersionDate "2017.03.02"]
[SourceQuality "1"]

1. c4 d5 2. cxd5 Qxd5 3. Nc3 Qd8 4. g3 Nf6 5. Bg2 g6 6. d3 Bg7 7. Bf4 c6 8. Nf3 Bg4 9. Qb3 Bxf3 10. Bxf3 Qc8 11. 0-0 0-0 12. Rac1 Nbd7 13. d4 e6 14. e4 Kh8 15. Nb5 Ne8 16. Bd6 Nxd6 17. Nxd6 Qc7 18. e5 Bxe5 19. dxe5 Nxe5 20. Rcd1 Rad8 21. Qc3 f6 22. Ne4 Kg7 23. Nc5 Qe7 24. Bg2 Rfe8 25. Bh3 Nf3+ 26. Qxf3 Qxc5 27. Rxd8 Rxd8 28. Bxe6 Qe5 29. Qb3 b6 30. Bh3 Rd2 31. Qa4 Qxb2 32. Qxa7+ Kh6 33. Be6 Rd8 34. Qc7 Qd4 35. Qxc6 Rd6 36. Qe8 Rd8 37. Qc6 Rd6 38. Qc4 Qe5 39. Bg8 Qe7 40. Qh4+ 1-0

[Event "Nova Gorica op 22nd"]
[Site "Nova Gorica"]
[Date "2017.01.28"]
[Round "3"]
[White "Janzelj, Lara"]
[Black "Ivsek, Cveto"]
[Result "1-0"]
[WhiteElo "2106"]
[BlackElo "1858"]
[PlyCount "49"]
[EventDate "2017.01.27"]
[EventType "swiss"]
[EventRounds "9"]
[EventCountry "SLO"]
[SourceTitle "CBM 176 Extra"]
[Source "ChessBase"]
[SourceDate "2017.03.02"]
[SourceVersion "1"]
[SourceVersionDate "2017.03.02"]
[SourceQuality "1"]

1. d4 d5 2. c4 e6 3. Nf3 Bb4+ 4. Nbd2 Nc6 5. e3 Nf6 6. Bd3 Ne4 7. 0-0 Bxd2 8. Nxd2 Nxd2 9. Bxd2 Ne7 10. Qh5 b6 11. cxd5 Qxd5 12. Qh4 Bb7 13. f3 Qd7 14. Rfd1 0-0-0 15. Rac1 h5 16. Rc2 Kb8 17. Rdc1 Rc8 18. Qf2 g5 19. e4 g4 20. Bf4 Bc6 21. Ba6 Rcd8 22. Bb5 Kb7 23. Bxc6+ Nxc6 24. Rxc6 Rc8 25. Rxc7+ 1-0

[Event "Portoroz op 10th"]
[Site "Portoroz"]
[Date "2016.07.28"]
[Round "7"]
[White "Suc, Timothy"]
[Black "Ivsek, Cveto"]
[Result "1-0"]
[WhiteElo "2034"]
[BlackElo "1870"]
[PlyCount "83"]
[EventDate "2016.07.23"]
[EventType "swiss"]
[EventRounds "9"]
[EventCountry "SLO"]
[SourceTitle "CBM 173 Extra"]
[Source "ChessBase"]
[SourceDate "2016.08.29"]
[SourceVersion "1"]
[SourceVersionDate "2016.08.29"]
[SourceQuality "1"]

1. e4 e6 2. d4 d5 3. Nd2 Nc6 4. Ngf3 h6 5. e5 Nge7 6. c3 Nf5 7. Bd3 Nh4 8. Nxh4 Qxh4 9. Nf3 Qd8 10. 0-0 Bd7 11. b4 a6 12. Bf4 Be7 13. Bc2 a5 14. b5 Na7 15. a4 c5 16. bxc6 bxc6 17. Qd3 c5 18. dxc5 Bxc5 19. h4 Nc6 20. h5 Bc8 21. Qb5 Qb6 22. Rab1 Rb8 23. Qd3 Qa6 24. Rb5 Qa7 25. Rxb8 Nxb8 26. Qd2 Nc6 27. Rd1 Ba6 28. Nd4 Nxd4 29. cxd4 Bb4 30. Qe3 Bc4 31. Qg3 Rf8 32. Qxg7 Be2 33. Rb1 Qc7 34. Bxh6 Qc3 35. Rxb4 Qxb4 36. Qxf8+ Qxf8 37. Bxf8 Kxf8 38. f3 Kg7 39. Kf2 Bc4 40. g4 f6 41. exf6+ Kxf6 42. f4 1-0